000 00298nam a2200121Ia 4500
008 190216s9999||||xx |||||||||||||| ||und||
100 _aAllel Mottorshead
245 0 _aElectronic Devices And Circuits
260 _bPentice Hall Of India
_c1973
300 _a641p
650 _aPhysics
942 _cBK
999 _c33105
_d33105